MESTSKÁ KNIŽNICA GIRALTOVCE  - online katalóg 

Pútnik Melmoth zv.2 (Record no. 12364)

000 -NÁVESTIE
fixed length control field 00628nam a2200205 a 4500
008 - ÚDAJE S PEVNOU DĹŽKOU – VŠEOBECNÉ INFORMÁCIE
fixed length control field 951122s1987||||[C 0 slo c
020 ## - MEDZINÁRODNÉ ŠTANDARDNÉ ČÍSLO KNIHY (ISBN)
Údaje o dostupnosti 42
040 ## - ZDROJ KATALOGIZÁCIE
Pôvodná katalogizujúca agentúra SNK
Jazyk katalogizácie slo
Prepisujúca agentúra SNK
Konvencie popisu AACR2
041 1# - KÓD JAZYKA
Kód jazyka textu/zvukovej stopy alebo samostatných nápisov slo
Kód jazyka originálu a/alebo sprostredkujúcich prekladov textu eng
044 ## - KÓD KRAJINY VYDAVATEĽA/PRODUCENTA
Kód krajiny MARC xo
Kód krajiny ISO SK
080 ## - ČÍSLO MEDZINÁRODNÉHO DESATINNÉHO TRIEDENIA (MDT)
Číslo Medzinárodného desatinného triedenia (MDT) 820-3
100 1# - OSOBNÉ MENÁ – VŠEOBECNÉ INFORMÁCIE
Osobné meno Maturin, Charles Robert
Kód roly aut
245 10 - NÁZOV
Názov Pútnik Melmoth zv.2
Údaj o zodpovednosti atď. Charles Robert Maturin ; Ján Kamenistý, Ján Trojan, Pavol Blažo, Ján Kamenistý
260 ## - VYDAVATEĽSKÉ ÚDAJE, DISTRIBÚCIA ATĎ.
Miesto publikovania, distribúcie atď. Bratislava
Názov vydavateľa, distibútora atď. Tatran
Dátum publikovania, distribúcie atď. 1987
Miesto výroby Košice
Výrobca Východoslovenské tlačiarne
700 1# - PRIDANÝ VSTUP – OSOBNÉ MENO
Kód roly trl
700 1# - PRIDANÝ VSTUP – OSOBNÉ MENO
Osobné meno Trojan, Ján
Kód roly bkd
700 1# - PRIDANÝ VSTUP – OSOBNÉ MENO
Osobné meno Blažo, Pavol
Kód roly bkd
700 1# - PRIDANÝ VSTUP – OSOBNÉ MENO
Osobné meno Kamenistý, Ján
Kód roly oth
958 ## - Formálny deskriptor
Formálny deskriptor A
Holdings
Stav stiahnutia (Blokovanie) (Withrawn status) Stav straty Stav poškodenia (Damaged status) Nie pre výpožičky (Not for loan) Spôsob nadobudnutia (Collection code) Trvalé umiestnenie Aktuálne umiestnenie Dátum nadobudnutia Náklady, bežná kúpna cena Inventárne číslo (prírastkové číslo) Full call number Dátum posledného výskytu Cena s účinnosťou od Typ jednotky Koha
        Kúpa Mestská knižnica Giraltovce Mestská knižnica Giraltovce 2019-11-29 42.00 11654 B 5780 2019-11-29 2019-11-29 Krásna literatúra pre dospelých

Powered by Koha